| 000 | 01919nam a2200361 c 4500 | ||
|---|---|---|---|
| 003 | BLK | ||
| 005 | 20180422104440.0 | ||
| 008 | 180408b bul|||||r ||||||| ||bul|| | ||
| 010 | _aKNG00092812000 | ||
| 020 |
_a954-427-137-6 _bиздат.: Абагар - (грешен) |
||
| 040 | _aBLK | ||
| 041 |
_aBUL _cBUL |
||
| 080 |
_aЛитература в основното училище. Методика на обучението _b373.3.016:821 _x(075.2) _z373.3.016:821(075.2) |
||
| 100 | 1 |
_aРадев, Иван _eпърви автор _gКръстев, Иван Радев _9363297 |
|
| 139 |
_aЛитературни анализи _bЛ 69 |
||
| 245 | 1 | 0 |
_aЛитературни анализи _bВ помощ на учениците от V кл. _cИван Радев. |
| 250 | _a9. доп. и прераб. изд. | ||
| 257 | _aBGR | ||
| 260 |
_аВ. Търново _bАбагар _c2002 |
||
| 300 |
_a144 с. _c20 см |
||
| 380 | _a3 | ||
| 500 | _aДруги авт. : С. Василев, Д. Михайлов, Р. Мишева, В. Русева, Ст. Гърдева, Ив. Станков, Т. Моллов ; Пълното име на В. Русева е Виолета Русева Иванова, на Д. Михайлов - Димитър Михайлов Иванов. - 1. изд. 1992 с авт. И. Радев, В. Русева, Д. Михайлов, Ст. Гърдева, Р. Мишева, Ив. Станков - Офс. изд. | ||
| 650 | 4 |
_aЛитература - учебници за основни училища _9246333 |
|
| 653 | _aлитература | ||
| 653 | _aV кл. | ||
| 653 | _aучебни помагала | ||
| 653 | _aучебници за основни училища | ||
| 852 | _aЦб 222161 | ||
| 856 | 4 |
_qpdf _u |
|
| 856 | 4 |
_qpdf _u |
|
| 942 |
_cKNG _n0 |
||
| 944 |
_aCR _c27.11.2009 _lф / _kЛюдмила_Стоянова |
||
| 944 |
_aED _c11.11.2016 _lф / _kЛюдмила_Стоянова |
||
| 999 |
_c88154 _d88154 |
||